000 00340nam a22001457a 4500
008 231012b ||||| |||| 00| 0 eng d
020 _a9780521259798
041 _aeng
080 _a101
082 _a101RIV
100 _a19
101 _aASTRO
245 _aPATH INTEGRAL METHODS IN QUANTUM FIELD THEORY
_cRIVERS.J.R
942 _2udc
_cBK
999 _c60436
_d60436